Регионална библиотека "Любен Каравелов" - Русе

Български синонимен речник (Запис номер 205308)

MARC детайли
000 -Лидер
Контролно поле с фиксирана дължина 01204nam a2200349 a 4500
003 - Код на организацията, давaща контролен номер
Контролно поле BLK
005 - Дата и час на последна редакция
Контролно поле 20240409140724.0
008 - Елементи от данни с фиксирана дължина
fixed length control field 180411b bul|||||r ||||||| ||bul||
010 ## - Наследен системен номер
LC control number KNG00214913000
040 ## - Източник на каталожния запис
Идентификатор на билиотеката - собственик на записа BLK
041 ## - Код за език
Код за езика на текст/звукозапис или на отделно заглавие Български
Код за езика КДБФ Български
080 ## - УДК
Текстов определител УДК Български език
УДК код - определител по УДК 811.163.2
УДК определител -314.1(038.1)
УДК - код + определител 811.163.2-314.1(038.1)
100 1# - Редна дума - Автор
Автор Нанов, Любен Николов
Авторска отговорност първи автор
R(LIN) 100601
139 ## - Редно поле
Редна дума Нанов, Любен Николов
Авторски знак Нан - Н 21
245 10 - Сведения за заглавието
Заглавие Български синонимен речник
Редно поле (дума) Любен Нанов.
250 ## - Област на изданието
Сведения за изданието 5. изд.
257 ## - Страна на издаване
Страна на създаване/издаване България
260 ## - Област на издателските данни
Година на издаване 1968
9 (RLIN) 209548
Място на издаване, разпространение и проч. София
Име на издателя, разпространителя и проч. Наука и изкуство
Печатница русе : ДИК и печ. Дунав
300 ## - Физическа характеристика
Страници 628 с.
Размери/Мащаб 20 см
380 ## - Жанр
Жанр Езикознание. Филология
500 ## - Общи забележки
Забележка 1. изд. 1936. - 20 000 тир.
650 #0 - Допълнително описание по предмет – тема
9 (RLIN) 246982
Основно описание – тема или топоним Български език - синоними - речници
852 ## - Местоположение
Форматна сигнатура Цб 49566
856 4# - Електронен адрес и достъп
Електронен формат pdf - файл
856 4# - Електронен адрес и достъп
Електронен формат pdf - файл
999 ## - СИСТЕМНИ КОНТРОЛНИ НОМЕРА
Koha biblionumber 205308
Koha biblioitemnumber 205308
942 ## - АРТИКУЛИ
Вид на библиотечния материал Книги
Скрит в OPAC Не
Периодичен библиозапис Да
Koha issues (borrowed), all copies 1
944 ## - СЪЗДАВАНЕ И РЕДАКЦИЯ на ЗАПИСА
Създаване/Редакция Създаване
Дата на регистрацията/редакция 16.12.2017
Служител, извършил регистрацията/редакцията 30535
Статус, дата на статуса Христина Везирева
944 ## - СЪЗДАВАНЕ И РЕДАКЦИЯ на ЗАПИСА
Създаване/Редакция Редакция
Дата на регистрацията/редакция 14.12.2017
Служител, извършил регистрацията/редакцията Пенка_Димитрова
999 ## - СИСТЕМНИ КОНТРОЛНИ НОМЕРА
Koha biblioitemnumber 205308
999 ## - СИСТЕМНИ КОНТРОЛНИ НОМЕРА
Koha biblioitemnumber 205308
999 ## - СИСТЕМНИ КОНТРОЛНИ НОМЕРА
Koha biblioitemnumber 205308
Наличности
Код за отписване Код за изгубен артикул Източник на класификационната схема Код за повреда Коз за рестрикции Код за отдаване Артикулен № Име на библиотеката - собственик Име на библиотеката, в която се намира в момента Статус (Текущо местоположение) Дата на вписване в системата Местоположение - отдел Цена в лева Инвентарен номер Систематично азбучна сигнатура Баркод Номер на екземпляра Цена в евро Служебна бележка Служебен тип на артикула
Изтеглен Не е изгубен Universal Decimal Classification Не е повреден без рестрикции заемане за дома 353560 Регионална библиотека "Любен Каравелов" Русе Регионална библиотека "Любен Каравелов" Русе Заемна - подръчен фонд 2017-12-14 Заемна - подръчен фонд 23.00 120000818041 811.163.2/Н 21 Л 120000818041 1 11.76 Дост: DA Вид: А N: 44 Дата: 14.12.2017 Дата инв: 19.02.2018 Бележки инв: СП2018 Книги
  Не е изгубен Universal Decimal Classification Не е повреден само за читалня ползва се в читалня 891067 Регионална библиотека "Любен Каравелов" Русе Регионална библиотека "Любен Каравелов" Русе Хранилище 2022-06-22 Хранилище 8.84 56204 Цб 49566 120000056204   4.52   Книги
Vip Innovations Ltd, Rousse, Bulgaria 2025